Cibao Int. Destinations (Santiago de los Caballeros, Dominican Rep) - Statistics

General Stats
  • This quiz has been taken 24 times
    8 since last reset
  • The average score is 7 of 9
Answer Stats
Airline Destination % Correct
American Airlines/Sky High Miami
100%
Delta Air Lines/JetBlue New York (JFK)
100%
Air Europa Madrid
83%
JetBlue/United Airlines Newark
83%
JetBlue Orlando
83%
JetBlue Boston
67%
Spirit Airlines Fort Lauderdale
67%
Caicos Express Airways/InterCaribbean Airways Providenciales
50%
Frontier Airlines/JetBlue San Juan
17%
No matching quizzes found
Score Distribution
Percent of People with Each Score
Percentile by Number Answered
Your Score History
You have not taken this quiz since the last reset